00373nam a2200109Ia 4500008004100000100002200041245004100063260006900104300001100173650001100184856006800195160712s9999 xx 000 0 und d aAlunan, Merlie M. cMerlie M. AlunanaThe Crows of India c2014bLikhaan: The Journal of Contemporary Philippine Literature avol. 8 xPOETRY uhttp://journals.upd.edu.ph/index.php/lik/issue/view/538/showToc